000
00291nam a22001217a 4500
003
OSt
008
150406b xxu||||| |||| 00| 0 eng d
041
_a
eng
245
1
0
_a
Photographic History of the Civil War
260
_b
Blue & Grey Press
300
_a
0 pages
700
1
_a
Lanier, Henry Wysham
999
_c
1171
_d
1171